| 000 | 03106nam0a2200445 4500 | ||
|---|---|---|---|
| 001 | RU\NLR\BIBL_A\010409935 | ||
| 005 | 20260408191513.0 | ||
| 010 |
_a978-5-9530-0378-0 _9130 |
||
| 021 |
_aRU _b2014-34935 _92129 |
||
| 035 | _a(NLR Aleph) 010409935 | ||
| 035 | _a(NILC)RuMoRGB-007496621 | ||
| 090 |
_a9750892 _c9750892 |
||
| 100 | _a20140627d2014 k y0rusy50 ca | ||
| 101 | 0 |
_aeng _drus |
|
| 102 | _aRU | ||
| 105 | _aa z 100yy | ||
| 200 | 1 |
_aFundamental interactions & neutrons, nuclear structute, ultracold neutrons, related topics _eproceedings of the seminar _fXXI Intern. seminar on interaction of neutrons with nuclei [ISINN-21], Alushta, Ukraine, May 20-25, 2013 |
|
| 210 |
_aDubna _cJoint inst. for nuclear research _d2014 |
||
| 215 |
_a341 с. _cил. _d22 |
||
| 300 | _aЗагл. обл.: Neutron spectroscopy, nuclear structure, related topics : ISINN-21 | ||
| 300 | _aВ надзаг.: Joint inst. for nuclear research | ||
| 300 | _aРез. на рус. яз. | ||
| 313 | _aПред. конф. 2013г. | ||
| 320 | _aБиблиогр. в конце докл. | ||
| 327 | 0 |
_aReal and apparent enhancements of the fundamental symmetry breaking effects _aScattering of scalar waves on a single crystalline plane _aGoos-Hanchen effect in neutron optics _aNew UCN experiment for the test of the equivalence principle for free neutrons _aPerspectives of the study of collinear cluster tri-partition of heavy nuclei _aNeutron sources for neutrino factory on the base of lithium converter _aAURA setup testing at the IREN neutron beam _aPosition sensitive ionization chamber _aMuon beams for environmental analysis: determining both element contents and subsoil redox conditions over soccer-playground-size areas _aEDXRF determination of trace element contents in benign prostatic hypertrophic tissue |
|
| 512 | 1 | _aNeutron spectroscopy, nuclear structure, related topics : ISINN-21 | |
| 517 | 1 | _aВ вып. дан.: Фундаментальные взаимодействия и нейтроны, структура ядра, ультрахолодные нейтроны, связанные темы ; труды семинара | |
| 541 | 1 |
_aФундаментальные взаимодействия и нейтроны, структура ядра, ультрахолодные нейтроны, связанные темы _zrus |
|
| 606 | 1 |
_aУльтрахолодные нейтроны _jТезисы докладов _92157966 _3RU\NLR\AUTH\661298953 |
|
| 606 | 1 |
_aАтомное ядро _jТезисы докладов _xСтроение _91052117 _3RU\NLR\AUTH\6688766 |
|
| 606 |
_aВзаимодействия (физ.) фундаментальные _jТезисы докладов _3RU\NLR\AUTH\661273370 _92106363 |
||
| 686 | 1 | _aВ383.4я431(0) | |
| 686 | 1 | _aВ382.292.112я431(0) | |
| 686 | 1 | _aВ382.3я431(0) | |
| 711 | 1 | 2 |
_8eng _aInternational seminar on interaction of neutrons with nuclei _d21 _f2013 _eAlushta _7ba _3RU\NLR\AUTH\880359389 _9386063 |
| 801 | 0 |
_aRU _bРГБ _c20140523 _gRCR |
|
| 942 | _cBOOK | ||
| 980 | _aNB | ||